Tractatus I. de Actibus Humanis Et Conscientia

Morálna teológia. Na začiatku knihy recepty, na konci knihy vlastný životopis Paulína Bajana a rozličné historické poznámky (zemetrasenie v Komárne v roku 1763)

Bibliographic Details
Main Author: Bajan, Paulín, 1721-1792 (Author)
Format: Manuscript Book
Language:Latin
PhysicalDescription:7 nečíslovaných strán, 741 strán rukopis, viazaný, ilustrácie 23 cm
Published: Vaczii 1745-1746
Subjects:

MARC

LEADER 00000ctmaa2200000 a 4500
001 vtls011913613
003 SK-MaSNL
005 20260301053159.0
008 230802i1745 hu a || 000n1dlat
035 |a urn:nbn:sk:snk-tm00eetj 
035 |a urn:nbn:sk:snk-tm3n3b0 
035 |a 76B8AA2B-C2AF-4AA4-A6F7-38F62A7A76C3 
040 |a SNKLA  |b slo  |c SNKLA  |e AACR2 
041 0 |a lat 
044 |a hu  |c HU 
072 7 |a 27-4  |x Praktická teológia. Morálna teológia  |2 konspekt 
072 7 |a 27-78  |x Kresťanské združenia, spolky a organizácie. Rehoľné rády  |2 konspekt 
080 |a 27-42  |2 2011 
080 |a 025.171  |2 2011 
080 |a 615.2/.3  |2 2011 
080 |a (049)  |2 2011 
080 |a 929(092)  |2 2011 
100 1 |a Bajan, Paulín,  |d 1721-1792  |4 aut  |9 36880 
245 1 0 |a Tractatus I. de Actibus Humanis Et Conscientia  |c [Paulín Bajan] 
246 3 3 |a Tractatus Primus de Actibus Humanis Et Conscientia 
260 |a Vaczii  |c 1745-1746 
300 |a 7 nečíslovaných strán, 741 strán  |b rukopis, viazaný, ilustrácie  |c 23 cm 
500 |a Na chrbte knihy štítok s číslom 92 
500 |a Autor podľa inventára 
520 2 |a Morálna teológia. Na začiatku knihy recepty, na konci knihy vlastný životopis Paulína Bajana a rozličné historické poznámky (zemetrasenie v Komárne v roku 1763) 
555 0 |a Inventár rukopisov Archívu literatúry a umenia Matice slovenskej. Rukopisy historických knižníc na Slovensku I. Martin : Matica slovenská 1992 
610 2 7 |a Františkáni (Hlohovec, Slovensko)  |b Salvatoriánska provincia  |2 SNKLA  |9 341936 
650 0 7 |a morálna teológia  |2 SNKPH  |9 881 
650 0 7 |a lieky  |2 SNKPH  |9 2515 
650 0 7 |a zemetrasenie  |2 SNKPH  |9 3969 
651 7 |a Komárno (Slovensko)  |2 SNKPHgeo  |9 39168 
655 7 |a biografie  |2 SNKPH  |9 27965 
655 7 |a rukopisy  |2 SNKPH  |9 70548 
655 7 |a rozpravy  |2 SNKPH  |9 70559 
655 7 |a recepty  |2 SNKPH  |9 318489 
752 |a Maďarsko  |d Vacov 
852 |a Slovenská národná knižnica  |b Literárny archív 
958 |a ZH 
958 |a LAVD 
999 |c 607692  |d 609622 
952 |a SNKLA  |b SNKLA  |c SNKLA_DEP  |y NEVYP  |7 0  |p 17A1229234  |o snkRHKS 90  |0 0  |1 0  |4 0  |d 2020-01-27  |f 1  |l 0  |r 2026-02-23 16:13:47  |w 2026-02-23